=LDR 00000nam 2200000 4500 =001 NUTBA000000000005556 =005 20141103135444.0 =006 =007 =008 =035 ##$$a 0010-111400000000035 =040 ##$$a NBPDMAT =082 ##$$a 372.8 =090 ##$$a 372.8 Kho e =100 ##$$a Khodijah =245 ##$$a LKA utama IPS untuk SD dan MI kelas I semester 1$cKhodijah =250 ##$$a Cet. 1 =260 ##$$a Jakarta$bWidya Utama$c2007 =300 ##$$a 72 hlm$ilus$c29 cm =650 ##$$a IPS SD-Soal dan Latihan =850 ##$$a NBPDMAT